000 01035cam a2200301 i 4500
999 _c1431
_d1431
001 4594955
003 OSt
005 20210628065951.0
008 760211s1975 enka b 001 0 eng
010 _a 75596212
015 _aGB75-20233
020 _a071312461X :
_a0713124628
040 _aDLC
_cDLC
_dDLC
050 0 0 _aQP519.7
_b.B56 1975b
082 0 0 _a574.1/92/028
245 0 2 _aA biologist's guide to principles and techniques of practical biochemistry /
_cedited by Bryan L. Williams and Keith Wilson.
260 _aLondon :
_bEdward Arnold,
_c1975.
300 _axxi, 256 p. :
_bill. ;
_c23 cm.
490 0 _aContemporary biology
500 _aSpine title: Principles and techniques of practical biochemistry.
504 _aIncludes bibliographies and index.
650 0 _aBiochemistry
_xTechnique.
700 1 _aWilliams, Bryan L.
700 1 _aWilson, Keith,
_d1936-
740 _aPrinciples and techniques of practical biochemistry.
906 _a7
_bcbc
_corignew
_d3
_encip
_f19
_gy-gencatlg
942 _2lcc
_cBK
_nJE